| Tag |
First Indicator |
Second Indicator |
Subfields |
| LEADER |
00000cam a2200000 a 4500 |
| 001 |
in00001489521 |
| 005 |
20151021065314.0 |
| 008 |
990222s1999 enkach 000 0 eng d |
| 010 |
|
|
|a 98088584
|
| 015 |
|
|
|a GB99-Z2565
|
| 020 |
|
|
|a 0300079370
|
| 035 |
|
|
|a (OCoLC)40752228
|
| 035 |
|
|
|9 AJG7855AM
|
| 040 |
|
|
|a UKM
|c UKM
|d KLG
|d TXA
|d UtOrBLW
|
| 049 |
|
|
|a TXAM
|
| 082 |
0 |
0 |
|a 759.2
|2 21
|
| 090 |
|
|
|a ND497.L6
|b F74 1999
|
| 245 |
0 |
0 |
|a Frederick Leighton :
|b antiquity, renaissance, modernity /
|c edited by Tim Barringer and Elizabeth Prettejohn.
|
| 264 |
|
1 |
|a New Haven ;
|a London :
|b Yale University Press,
|c 1999.
|
| 300 |
|
|
|a xxxii, 332 pages, 16 unnumbered pages of plates :
|b illustrations (some color), facsimiles, portraits (some color) ;
|c 27 cm.
|
| 336 |
|
|
|a text
|b txt
|2 rdacontent
|
| 337 |
|
|
|a unmediated
|b n
|2 rdamedia
|
| 338 |
|
|
|a volume
|b nc
|2 rdacarrier
|
| 490 |
1 |
|
|a Studies in British art ;
|v 5
|
| 600 |
1 |
0 |
|a Leighton of Stretton, Frederic Leighton,
|c Baron,
|d 1830-1896.
|
| 650 |
|
0 |
|a Painting, British
|y 19th century.
|
| 700 |
1 |
|
|a Barringer, T. J.
|
| 700 |
1 |
|
|a Prettejohn, Elizabeth.
|
| 830 |
|
0 |
|a Studies in British art ;
|v 5.
|
| 948 |
|
|
|a c:en
|
| 999 |
|
|
|a MARS
|
| 999 |
f |
f |
|s cd21529c-b624-3906-b412-e1780b905a50
|i 4724861d-75a0-3a62-a7b9-4f8c26159b1a
|t 0
|
| 952 |
f |
f |
|p normal
|a Texas A&M University
|b College Station
|c Sterling C. Evans Library
|d Evans: Library Stacks
|t 0
|e ND497.L6 F74 1999
|h Library of Congress classification
|i unmediated -- volume
|m A14825017142
|
| 998 |
f |
f |
|a ND497.L6 F74 1999
|t 0
|l Evans: Library Stacks
|